000
00245nam a2200109Ia 4500
008
220204s9999 xx 000 0 und d
082
_a
82-3
_b
GOL
100
_a
Goldsmith, John
245
0
_a
Bullion
260
_a
London
_b
Arrow
_c
1983
942
_c
BK
999
_c
37829
_d
37829